ՀՀ Գիտությունների ազգային ակադեմիայի հիմնարար գիտական գրադարան  =   Fundamental Scientific Library of NAS RA

Աստղեր Սամարղանդի վրա : (Record no. 5119)

MARC details
000 -LEADER
fixed length control field 00965nam a2200253 a 4500
001 - CONTROL NUMBER
control field 000017242
003 - CONTROL NUMBER IDENTIFIER
control field AM-YEHGA
005 - DATE AND TIME OF LATEST TRANSACTION
control field 20250618070746.0
008 - FIXED-LENGTH DATA ELEMENTS--GENERAL INFORMATION
fixed length control field 990113s1989 ai |||||||||||||||||arm d
020 ## - INTERNATIONAL STANDARD BOOK NUMBER
International Standard Book Number 554000079X
040 ## - CATALOGING SOURCE
Original cataloging agency AM-YeHGA
041 1# - LANGUAGE CODE
Language code of text/sound track or separate title arm
Language code of original rus
090 ## - LOCALLY ASSIGNED LC-TYPE CALL NUMBER (OCLC); LOCAL CALL NUMBER (RLIN)
-- 5158
100 1# - MAIN ENTRY--PERSONAL NAME
Personal name Բորոդին, Ս.
245 10 - TITLE STATEMENT
Title Աստղեր Սամարղանդի վրա :
Remainder of title Եռագրություն /
Statement of responsibility, etc. Ս. Բորոդին ; Թարգմ.՝ Մ. Քոչարյան ; Կ. Ղալաչյան.
260 ## - PUBLICATION, DISTRIBUTION, ETC.
Place of publication, distribution, etc. Երևան :
Name of publisher, distributor, etc. Հայաստան,
Date of publication, distribution, etc. 1989.
300 ## - PHYSICAL DESCRIPTION
Extent 796 էջ ;
Dimensions 21 սմ.
500 ## - GENERAL NOTE
General note Մի կազմի մեջ
505 10 - FORMATTED CONTENTS NOTE
Miscellaneous information Գիրք 1-2 (1989, 796 էջ) :
Title Լենկթեմուր : Արշավանքի խարույկներ
650 14 - SUBJECT ADDED ENTRY--TOPICAL TERM
Topical term or geographic name entry element Ռուս գրականություն
General subdivision Վեպ
9 (RLIN) 4829
700 1# - ADDED ENTRY--PERSONAL NAME
Personal name Քոչարյան, Մելիք Թադևոսի,
Dates associated with a name 1911-1992
Relator term թարգմ.
Relationship trl
9 (RLIN) 1302
700 1# - ADDED ENTRY--PERSONAL NAME
Personal name Ղալաչյան, Կ. Շ.
Relator term թարգմ.
Relationship trl
942 ## - ADDED ENTRY ELEMENTS (KOHA)
Koha item type Գրքեր / Books
Holdings
Withdrawn status Lost status Source of classification or shelving scheme Damaged status Not for loan Collection Home library Current library Date acquired Serial enumeration / chronology Total checkouts Full call number Barcode Date last seen Price effective from Koha item type Public note
    Universal Decimal Classification     General Fundamental Scientific Library Fundamental Scientific Library 21/12/2016 Գ. 1-2   AII/79570 220079570 21/12/2016 21/12/2016 Գրքեր / Books 30 Days Loan
    Universal Decimal Classification     General Fundamental Scientific Library Fundamental Scientific Library 21/12/2016 Գ. 1-2   AII/80034 220080034 21/12/2016 21/12/2016 Գրքեր / Books 30 Days Loan


ՀՀ ԳԱԱ հիմնարար գիտական գրադարան
ՀՀ,Երևան 0019
Մարշալ Բաղրամյան 24/6
հեռախոս:(374-10) 52-47-50
Հետադարձ կապ

All site content, except where otherwise noted, is licensed under a
Creative Commons License